El Greco : siete reproducciones en color con una nota preliminar siete reproducciones en color con una nota preliminar
Descripción Física:
6 pàg., 7 làm. : il. col. ; 33 cm
Materias:
Greco, -- 1541?-1614
; Greco, -- 1541?-1614 -- Obres. Seleccions
; Greco, -- 1541?-1614 -- Llibres de làmines
; Fons Joan Junyer i Pascual (1909-1994)
Idioma:
Español
MARC
| LEADER | 00000nam a22000007a 4500 | ||
|---|---|---|---|
| 001 | 24835 | ||
| 003 | AGDB | ||
| 005 | 20260324181536.0 | ||
| 008 | 251017b gw ||||| |||| 00| 0 spa d | ||
| 245 | |a El Greco : |b siete reproducciones en color con una nota preliminar | ||
| 250 | |a 1ª ed. española | ||
| 260 | |a Leipzig : |b Seemann & Co. , |c [ca. 1925] | ||
| 300 | |a 6 pàg., 7 làm. : |b il. col. ; |c 33 cm | ||
| 500 | |a Prové del fons Joan Junyer i Pascual (1909-1994) | ||
| 500 | |a Làmines impreses per separat i muntades per les puntes | ||
| 600 | 0 | |a Greco, |d 1541?-1614 |9 72526 | |
| 600 | 0 | |a Greco, |d 1541?-1614 |2 cantic |9 72526 |x Obres. Seleccions | |
| 600 | 0 | |a Greco, |d 1541?-1614 |2 lemac |9 72526 |v Llibres de làmines | |
| 650 | |a Fons Joan Junyer i Pascual (1909-1994) |9 72777 | ||
| 942 | |2 udc |c ARXIU |n 1 | ||
| 952 | |0 0 |1 0 |4 0 |6 F50489 |7 1 |9 98490 |a Arxiu |b Arxiu |d 2025-10-17 |l 0 |o F-504-89 |p 24835 |r 2025-10-17 10:13:55 |w 2025-10-17 |y ARXIU | ||
| 999 | |c 130243 |d 130243 | ||